LEADER 02038nam0 2200313 450 001 000031961 005 20180831110112.0 010 $a9780470042229 014 $aDOI: 10.1002/0470042222 100 $a20180831d2007----km-y0itay50------ba 101 0 $aeng 102 $aUK 105 $ay-------001yy 200 1 $aFoundations for Guided\2010Wave Optics$fChin\2010Lin Chen$brisorsa elettronica 210 $aUnited Kingdom$cJohn Wiley & Sons Ltd$d2007 215 $a468 p.$cill. 230 $aDati testuali (1 file: 11,6 Mb) 300 $aModalità di accesso: World Wide Web 300 $aConsultazione online 330 $aThis text offers an in-depth treatment of integrated and fiber optics, providing graduate students, engineers, and scientists with a solid foundation of the principles, capabilities, uses, and limitations of guided-wave optic devices and systems. In addition to the transmission properties of dielectric waveguides and optical fibers, this book covers the principles of directional couplers, guided-wave gratings, arrayed-waveguide gratings, and fiber optic polarization components. The material is fully classroom-tested and carefully structured to help readers grasp concepts quickly and apply their knowledge to solving problems. Following an overview, including important nomenclature and notations, the text investigates three major topics: Integrated optics Fiber optics Pulse evolution and broadening in optical waveguides 500 10$aFoundations for Guided\2010Wave Optics$91511225 610 1 $aFibre ottiche$aMisurazioni 676 $a621.38275$v21$9Ingegneria della comunicazione mediante fibre ottiche 700 1$aChen,$bChin\2010Lin$0751757 801 0$aIT$bUNIPARTHENOPE$c20180831$gRICA$2UNIMARC 856 4 $uhttps://onlinelibrary.wiley.com/doi/book/10.1002/0470042222$zAccesso limitato alla rete di Ateneo Università di Napoli "Parthenope"$edata ultima consultazione: 31/08/2018 912 $a000031961 996 $aFoundations for Guided\2010Wave Optics$91511225 997 $aUNIPARTHENOPE